Countries with Cheetahs - Statistics

General Stats
  • This quiz has been taken 369 times
    363 since last reset
  • The average score is 27 of 33
Answer Stats
Cheetah Country % Correct
South Africa
96%
Democratic Republic of the Congo
95%
Kenya
93%
Tanzania
93%
Angola
92%
Ethiopia
92%
Niger
91%
Sudan
90%
Zimbabwe
90%
Nigeria
89%
Somalia
89%
Zambia
89%
Mali
88%
Botswana
87%
Central African Republic
87%
Chad
87%
Mozambique
87%
Namibia
87%
South Sudan
87%
Uganda
86%
Algeria
83%
Cameroon
82%
Eritrea
82%
Malawi
79%
Eswatini
78%
Mauritania
78%
Senegal
78%
Djibouti
74%
Benin
70%
Burkina Faso
70%
Iran
57%
Afghanistan
42%
Pakistan
39%
No matching quizzes found
Score Distribution
Percent of People with Each Score
Percentile by Number Answered
Your Score History
You have not taken this quiz since the last reset